000 01625nam a22004217a 4500
003 CHAP
005 20220329141216.0
008 971010s1983 r 00010 d
010 _a64397
011 _a65369
035 _a72047
040 _cCHAP
082 _a681.763
_bP5
100 0 0 _aPiñeiro, Martín.
_988469
245 _aProcesos sociales e innovaciones tecnológicas en la agricultura de América Latina
260 _aSan José, Costa Rica :
_bIICA,
_c1983
300 _a567 p.
490 _aSerie de investigación y desarrollo
_v; 9
590 _aBATCH-UPD
_b10
_c20130110
_lUCH01
_h0510
590 _aBATCH-UPD
_b10
_c20130110
_lUCH01
_h2315
590 _aBATCH-UPD
_b10
_c20130410
_lUCH01
_h0148
590 _aBATCH-UPD
_b10
_c20130410
_lUCH01
_h1606
590 _aBATCH-UPD
_b10
_c20130914
_lUCH01
_h0320
590 _aBATCH-UPD
_b10
_c20130914
_lUCH01
_h2000
590 _aCONVERSION
_b10
_c20130109
_lUCH01
_h1335
650 1 4 _aAgricultura
_xInnovaciones tecnológicas.
_91565
650 1 4 _aAgricultura
_zAmérica Latina.
_91911
650 1 4 _aRehabilitación rural.
_995714
700 0 _aTrigo, Eduardo J.
_9115142
830 0 _aSerie de investigación y desarrollo
_v; 9
_9104748
901 _aBK
942 _cLIBRO
949 _a681.763 P5
_bBC
_cLIBRO
_d33724000107892
_eLIBRO
_h68346
_i72047
_mD
_si
949 _a681.763 P5
_bBC
_cLIBRO
_d33724000107900
_eLIBRO
_fc.2
_h67732
_i72047
_si
949 _a681.763 P5
_bBC
_cLIBRO
_d33724000107918
_eLIBRO
_fc.3
_h69547
_i72047
_si
949 _a681.763 P5
_bBC
_cLIBRO
_d33724000107926
_eLIBRO
_fc.4
_h67330
_i72047
_si
949 _a681.763 P5
_bZA
_cLIBRO
_d-4731
_eLIBRO
_h4853
_i72047
_si
999 _c64397
_d64397